عرض عادي
عرض مارك
- العلماء
دخول Topical Term
001 - CONTROL NUMBER
- control field: 28798
003 - CONTROL NUMBER IDENTIFIER
- control field: AE-AdECS
005 - DATE AND TIME OF LATEST TRANSACTION
- control field: 20260420081749.0
008 - FIXED-LENGTH DATA ELEMENTS
- fixed length control field: 260420|| aca||aabn | a|a d
040 ## - CATALOGING SOURCE
- Original cataloging agency: AE-AdECS
- Transcribing agency: AE-AdECS
150 ## - HEADING--TOPICAL TERM
- Topical term or geographic name entry element: العلماء
- Form subdivision: تراجم
670 ## - SOURCE DATA FOUND
- Source citation: Work cat.: (AE-AdECS)294777: محمد، حازم، مؤلف. 28797, علماء عرفهم الإسلام /
